[Event "Madrid-ch sf"]
[Site "Madrid"]
[Date "2019.05.11"]
[Round "6"]
[White "Rueda Maria, Ramiro"]
[Black "Vicente Sastre, Diego"]
[Result "0-1"]
[WhiteElo "1843"]
[BlackElo "1881"]
[PlyCount "80"]
[EventDate "2019.05.06"]
[EventType "swiss"]
[EventRounds "9"]
[EventCountry "ESP"]
[SourceTitle "CBM 190 Extra"]
[Source "ChessBase"]
[SourceDate "2019.07.15"]
[SourceVersion "1"]
[SourceVersionDate "2019.07.15"]
[SourceQuality "1"]

1. Nf3 Nf6 2. g3 g6 3. Bg2 Bg7 4. 0-0 0-0 5. d4 d6 6. c4 c5 7. Nc3 Na6 8. Bf4 cxd4 9. Nd5 Nxd5 10. cxd5 d3 11. Qxd3 Bxb2 12. Rab1 Bg7 13. Nd4 Nc5 14. Qd2 Bd7 15. e4 Rc8 16. Be3 a6 17. Qb4 Rc7 18. Nb3 Bb5 19. Rfd1 Nd3 20. Qa5 Bc3 21. Qb6 Nb2 22. Rd4 Nc4 23. Rxc4 Rxc4 24. Qxb7 Rc7 25. Qb6 Qd7 26. Bh3 e6 27. dxe6 fxe6 28. Bxe6+ Qxe6 29. Qxc7 Qxe4 30. Qxc3 Qxb1+ 31. Nc1 Qf5 32. a4 Bxa4 33. Qc4+ d5 34. Qxa4 Rc8 35. Qxa6 g5 36. Qb6 g4 37. Qd4 Rc4 38. Qa7 Qf3 39. Qb8+ Kf7 40. Qf4+ Rxf4 0-1

[Event "Madrid-ch Previa-B"]
[Site "Madrid"]
[Date "2019.02.23"]
[Round "9"]
[White "Marin Aso, Jose Luis"]
[Black "Vicente Sastre, Diego"]
[Result "1-0"]
[WhiteElo "1915"]
[BlackElo "1879"]
[PlyCount "55"]
[EventDate "2019.02.01"]
[EventType "swiss"]
[EventRounds "9"]
[EventCountry "ESP"]
[SourceTitle "CBM 189 Extra"]
[Source "ChessBase"]
[SourceDate "2019.06.03"]
[SourceVersion "1"]
[SourceVersionDate "2019.06.03"]
[SourceQuality "1"]

1. e4 c5 2. Nf3 e6 3. d4 cxd4 4. Nxd4 a6 5. Nc3 Qc7 6. Be2 Bb4 7. 0-0 Bxc3 8. bxc3 Nf6 9. Qd3 d6 10. f4 Nbd7 11. e5 dxe5 12. fxe5 Qxe5 13. Ba3 Qc7 14. Rae1 Nf8 15. Bf3 Bd7 16. Nf5 0-0-0 17. Ne7+ Kb8 18. Bd6 Bb5 19. Bxc7+ Kxc7 20. Qe3 N8d7 21. Qf4+ e5 22. Rxe5 Nxe5 23. Qxe5+ Kb6 24. Qe3+ Kc7 25. Qc5+ Kb8 26. c4 Be8 27. Rb1 Rd7 28. Qc8+ 1-0